00255nam a2200097Ia 4500008004100000082000800041100001600049245007100065942000600136999001500142240331s9999 xx 000 0 und d bUYA aUyangoda, J 0aConflict resolution and peace studies :ban introductory hand book cL c1990d1990